|
|
|
|
| LEADER |
00000ccm a2200000 a 4500 |
| 001 |
vtls010285795 |
| 003 |
SK-MaSNL |
| 005 |
20260331205954.0 |
| 007 |
qu |
| 008 |
110614s2007 xo rpceg u slo |
| 024 |
2 |
|
|a 9790685010364 (brož.)
|
| 040 |
|
|
|a SNK
|b slo
|c SNK
|e AACR2
|
| 041 |
0 |
|
|a slo
|
| 044 |
|
|
|a xo
|c SK
|
| 048 |
|
|
|a ka01
|
| 072 |
|
7 |
|a 786
|x Hudba pre klávesové nástroje
|2 konspekt
|
| 080 |
|
|
|a 786.2.083.5
|2 2001
|
| 080 |
|
|
|a 786.2.083
|2 2001
|
| 080 |
|
|
|a 78.089.6
|2 2001
|
| 084 |
|
|
|a 1.1.4
|2 snlmc
|
| 100 |
1 |
|
|a Štefánek, Lumír
|4 cmp
|9 318022
|
| 245 |
1 |
0 |
|a Rapsodia d'amour
|h hudobnina
|b pre klavír
|c Lumír Štefánek ; [noty písal R. Tatár]
|
| 254 |
|
|
|a Partitúra
|
| 260 |
|
|
|a Banská Bystrica
|b Róbert Tatár - PRESTO
|c 2007
|
| 300 |
|
|
|a 1 partitúra (8 s.)
|c 30 cm
|
| 382 |
|
|
|a klavír
|
| 650 |
0 |
7 |
|a drobné skladby (klavír)
|2 SNKPH
|9 69169
|
| 650 |
0 |
7 |
|a rapsódie (klavír)
|2 SNKPH
|9 68236
|
| 650 |
0 |
7 |
|a Small music pieces (piano)
|2 SNKPHeng
|9 317501
|
| 650 |
0 |
7 |
|a Rhapsodies (piano)
|2 SNKPHeng
|9 328029
|
| 655 |
|
7 |
|a partitúry pre sólový nástroj
|2 SNKPH
|9 70508
|
| 655 |
|
7 |
|a Scores for solo instrument
|2 SNKPheng
|9 285315
|
| 700 |
1 |
|
|a Tatár, Róbert,
|d 1947-
|4 oth
|9 108481
|
| 852 |
|
|
|a Štátna vedecká knižnica v Banskej Bystrici
|
| 919 |
|
|
|a 979-0-68501-036-4
|
| 999 |
|
|
|c 577400
|d 579330
|
| 952 |
|
|
|a SNK
|b SNK
|y PREZ
|7 0
|p 17A1061865
|o snkHSB 4518
|i snk2013/2531
|8 1
|0 0
|1 0
|4 0
|d 2013-02-04
|l 0
|r 2026-02-23 14:38:08
|w 2026-02-23
|
| 952 |
|
|
|a SNK
|b SNK
|y VYP
|7 0
|p 17A1061866
|o snkHSB 4518 D1
|i snk2013/2532
|8 1
|0 0
|1 0
|4 0
|d 2013-02-04
|l 0
|r 2026-02-23 14:38:08
|w 2026-02-23
|